| 000 | 00920nam a2200241 a 4500 | ||
|---|---|---|---|
| 001 | BRCA_4920 | ||
| 005 | 20190320204847.0 | ||
| 008 | 831209s1902 mx-abce###---#000-0#spa-# | ||
| 041 | _aspa | ||
| 044 | _amx | ||
| 050 | 4 |
_aTC978 _b.M46 1902 |
|
| 245 | 1 | 0 |
_aMemoria histórica, técnica y administrativa de las obras del desagüe del Valle de México, 1449-1900 _bpublicada por orden de la junta directiva del mismo desagüe _cintroducción de Luis González Obregón. |
| 260 |
_aMéxico _bTipografía de la Oficina Impresora de Estampillas, Palacio Nacional _c1902 |
||
| 300 |
_axv, 688 p. _bil., 54 láminas, retratos, mapas, planos _c34 cm. |
||
| 500 | _aDD4 | ||
| 650 | 1 | 4 |
_aDrenaje _zValle de México _912471 |
| 650 | 1 | 4 |
_aHidrografía _zMéxico _912472 |
| 650 | 1 | 4 |
_aGeología _zMéxico _95672 |
| 651 | 4 |
_aGran canal _zMéxico _912473 |
|
| 700 | 1 |
_aGonzález Obregón, Luis _99108 |
|
| 902 | _aGFM | ||
| 942 |
_2lcc _cB |
||
| 999 |
_c4614 _d4614 |
||